000 00625nam a2200205 4500
003 OSt
005 20240709021041.0
006 a
008 240709b |||||||| |||| 00| 0 eng d
020 _a0071234349
040 _aDWCL-Main lib.
_cOC
082 _2Alternate edition
_aCirc. 658.15 R826f 2003
100 _aRoss, Stephen A.
245 _aFundamentals of corporate finance /
250 _aAlternate edition
260 _aBoston ;
_bMcGraw-Hill/Irwin,
_cc2003.
300 _axxxi,
_b(various paging) : col. ill. ;
_c25 cm.
650 _a1. Corporations-Finance.
942 _2ddc
_n0
_cBK-CIRC
_eAlternate edition
_kCirc.
999 _c2123
_d2123